| 000 | 00928nam a2200241Ia 4500 | ||
|---|---|---|---|
| 003 | OSt | ||
| 005 | 20220923224458.0 | ||
| 006 | a|||||r|||| 00| 0 | ||
| 007 | ta | ||
| 008 | 220922b |||||||| |||| 00| 0 hin d | ||
| 024 | _a235,487 | ||
| 037 | _cTextual | ||
| 040 |
_aARTS _cARTS _bhin |
||
| 041 |
_2hin _ahin |
||
| 082 | _aQ3xN21:g, 152N9 | ||
| 100 |
_aपाण्डेय, हरि शंकर, संपा. _9168014 |
||
| 245 | 0 |
_aआचार्य महाप्रज्ञ संस्कृत साहित्य _b एक अनुशीलन |
|
| 246 | _aĀchārya hināpragna sanskṛut sāhitya: ek anushīlana | ||
| 260 |
_aलाडनूं _b जैन विश्वभारती संस्थान _c1999 |
||
| 300 |
_a377पृ. _ccm. |
||
| 942 |
_hQ3xN21:g, 152N9 _cTEXL _2CC |
||
| 999 |
_c371715 _d371715 |
||